Normal view
MARC view
- AWAD AHMAD, MAJID GHAFOOR,YAHYA
Entry Personal Name
001 - CONTROL NUMBER
- control field: 72366
003 - CONTROL NUMBER IDENTIFIER
- control field: NUST
005 - DATE AND TIME OF LATEST TRANSACTION
- control field: 20210628204802.0
008 - FIXED-LENGTH DATA ELEMENTS
- fixed length control field: 210628|| aca||aabn | a|a d
040 ## - CATALOGING SOURCE
- Original cataloging agency: NUST
- Transcribing agency: NUST
100 ## - HEADING--PERSONAL NAME
- Personal name: AWAD AHMAD, MAJID GHAFOOR,YAHYA
670 ## - SOURCE DATA FOUND
- Source citation: Work cat.: (NUST): AWAD AHMAD, MAJID GHAFOOR,YAHYA, PR-SOF-1048-DESIGN AND FABRICATION OF BODY, CHASSIS AND SUSPENSION OF A LIGHT WEIGHT URBAN CLASS HYBRID AUTOMOTIVE, 2010
